Statistics for Time Zones of the United States

Click here to take the quiz!

General Stats

  • This quiz has been taken 26 times
    (25 since last reset)
  • The average score is 5 of 11

Answer Stats

Time Time Zone Name % Correct
50 StatesUTC -8Pacific
87%
50 StatesUTC -6Central
83%
50 StatesUTC -5Eastern
83%
50 StatesUTC -7Mountain
74%
50 StatesUTC -9Alaska
65%
Territories and DependenciesUTC -4Atlantic
43%
Territories and DependenciesUTC -11Samoa
26%
50 StatesUTC -10Hawaii-Aleutian
13%
Territories and DependenciesUTC +10Chamorro
9%
Territories and DependenciesUTC -12Anywhere on Earth
4%
Territories and DependenciesUTC +12Wake Island
4%

Score Distribution

Percentile by Number Answered

Percent of People with Each Score

Your Score History

You have not taken this quiz since the last reset